Výročiu P.P. Gojdič

Podrobná bibliografia
Médium: Článok
Jazyk:Slovak
Témy:
Zdroj: 1. Slovenská republika 1. Roč. 5, č. 282(1997), dát. 1208, s. 4
LEADER 00809nab#a2200289#ar4500
001 000017439
003 SVKKK
005 00000000000000.0
008 c xo e sloo
FMT
038 |a SVKKK 
040 |a SVKKK  |b slo  |e AACR2 
041 0 |a slo 
044 |a xo  |c SK 
080 |a 06.055.  |2 1981 
245 0 0 |a Výročiu P.P. Gojdič 
600 1 4 |a Gojdič, Peter Pavol,  |d 1888, 1960,  |x biskup gréckokatolícky slov. 
650 0 4 |a kalendáre nástenné  |z Gojdič, P.P. (biskup gréckokatolícky)  |z Prešov (pôsobenie)  |x výročie narodenia 110. - 
773 0 |t Slovenská republika  |g Roč. 5, č. 282(1997), dát. 1208, s. 4 
957 |a Prešov 
957 |a Ruské Pekľany 
958 |a PO 
974 |d 980520  |a Šá 
992 |a RBX 
BAS
852 |a SVKKK  |b BIB 
998 |a REG